书目信息 |
| 题名: |
大学生现代科技基础
|
|
| 作者: | 杨振秀 主编 | |
| 分册: | ||
| 出版信息: | 北京 警官教育出版社 2000 |
|
| 页数: | 299页 | |
| 开本: | 20cm | |
| 丛书名: | ||
| 单 册: | ||
| 中图分类: | G31 | |
| 科图分类: | ||
| 主题词: | 科学研究--工作 | |
| 电子资源: | ||
| ISBN: | 7-81062-000-2 | |
| 000 | 00560nam0 2200193 450 | |
| 001 | 0655237062 | |
| 005 | 20070720182725.76 | |
| 010 | @a7-81062-000-2@dCNY15.00 | |
| 100 | @a20060927d2000 km y0chiy0120 ea | |
| 101 | 0 | @achi |
| 102 | @aCN@b110000 | |
| 200 | 1 | @a大学生现代科技基础@Ada xue sheng xian dai ke ji ji chu@f杨振秀主编@Fyang zhen xiu zhu bian |
| 210 | @a北京@c警官教育出版社@d2000 | |
| 215 | @a299页@d20cm | |
| 606 | 0 | @a科学研究@x工作 |
| 690 | @aG31@v3 | |
| 701 | 0 | @a杨振秀@Ayang zhen xiu@4主编 |
| 801 | 0 | @aCN@bPFT@c20070720 |
| 905 | @a10447@dG31@e20 | |
| 大学生现代科技基础/杨振秀主编.-北京:警官教育出版社,2000 |
| 299页;20cm |
| ISBN 7-81062-000-2:CNY15.00 |
| ● |
| 相关链接 |
|
|
|
|
正题名:大学生现代科技基础
索取号:G31/20
 
预约/预借
| 序号 | 登录号 | 条形码 | 馆藏地/架位号 | 状态 | 备注 |
| 1 | 0491560 | 204915609 | 密集书库/ [索取号:G31/20] | 在馆 | |
| 2 | 0491561 | 204915618 | 密集书库/ [索取号:G31/20] | 在馆 | |
| 3 | 0491562 | 204915627 | 密集书库/ [索取号:G31/20] | 在馆 | |
| 4 | 0491563 | 204915636 | 密集书库/ [索取号:G31/20] | 在馆 | |
| 5 | 0491564 | 204915645 | 密集书库/ [索取号:G31/20] | 在馆 | |
| 6 | 0491565 | 204915654 | 密集书库/ [索取号:G31/20] | 在馆 | |
| 7 | 0491566 | 204915663 | 密集书库/ [索取号:G31/20] | 在馆 | |
| 8 | 0491567 | 204915672 | 密集书库/ [索取号:G31/20] | 在馆 | |
| 9 | 0491568 | 204915681 | 密集书库/ [索取号:G31/20] | 在馆 | |
| 10 | 0491569 | 204915690 | 密集书库/ [索取号:G31/20] | 在馆 | |
| 11 | 0491570 | 204915707 | 密集书库/ [索取号:G31/20] | 在馆 | |
| 12 | 0491571 | 204915716 | 密集书库/ [索取号:G31/20] | 在馆 | |
| 13 | 0491572 | 204915725 | 密集书库/ [索取号:G31/20] | 在馆 | |
| 14 | 0491573 | 204915734 | 密集书库/ [索取号:G31/20] | 在馆 | |
| 15 | 0491574 | 204915743 | 密集书库/ [索取号:G31/20] | 在馆 | |
| 16 | 0491575 | 204915752 | 密集书库/ [索取号:G31/20] | 在馆 | |
| 17 | 0491576 | 204915761 | 密集书库/ [索取号:G31/20] | 在馆 | |
| 18 | 0491577 | 204915770 | 密集书库/ [索取号:G31/20] | 在馆 | |
| 19 | 0491578 | 204915789 | 密集书库/ [索取号:G31/20] | 在馆 | |
| 20 | 0491579 | 204915798 | 密集书库/ [索取号:G31/20] | 在馆 | |
| 21 | 0491580 | 204915805 | 密集书库/ [索取号:G31/20] | 在馆 | |
| 22 | 0491581 | 204915814 | 密集书库/ [索取号:G31/20] | 在馆 | |
| 23 | 0491582 | 204915823 | 密集书库/ [索取号:G31/20] | 在馆 | |
| 24 | 0491583 | 204915832 | 密集书库/ [索取号:G31/20] | 在馆 | |
| 25 | 0491584 | 204915841 | 密集书库/ [索取号:G31/20] | 在馆 | |
| 26 | 0491585 | 204915850 | 密集书库/ [索取号:G31/20] | 在馆 | |
| 27 | 0491586 | 204915869 | 密集书库/ [索取号:G31/20] | 在馆 | |
| 28 | 0491587 | 204915878 | 密集书库/ [索取号:G31/20] | 在馆 | |
| 29 | 0491588 | 204915887 | 密集书库/ [索取号:G31/20] | 在馆 | |
| 30 | 0491589 | 204915896 | 密集书库/ [索取号:G31/20] | 在馆 | |
| 31 | 0491590 | 204915903 | 密集书库/ [索取号:G31/20] | 在馆 | |
| 32 | 0491591 | 204915912 | 密集书库/ [索取号:G31/20] | 在馆 | |
| 33 | 0491592 | 204915921 | 密集书库/ [索取号:G31/20] | 在馆 | |
| 34 | 0491593 | 204915930 | 密集书库/ [索取号:G31/20] | 在馆 | |
| 35 | 0491594 | 204915949 | 密集书库/ [索取号:G31/20] | 在馆 | |
| 36 | 0493571 | 204935712 | 密集书库/ [索取号:G31/20] | 在馆 | |
| 37 | 0493572 | 204935721 | 密集书库/ [索取号:G31/20] | 在馆 | |
| 38 | 0493573 | 204935730 | 密集书库/ [索取号:G31/20] | 在馆 | |
| 39 | 0493574 | 204935749 | 密集书库/ [索取号:G31/20] | 在馆 | |
| 40 | 0493575 | 204935758 | 密集书库/ [索取号:G31/20] | 在馆 | |
| 41 | 0493576 | 204935767 | 密集书库/ [索取号:G31/20] | 在馆 | |
| 42 | 0494631 | 204946318 | 密集书库/ [索取号:G31/20] | 在馆 | |
| 43 | 0494632 | 204946327 | 密集书库/ [索取号:G31/20] | 在馆 | |
| 44 | 0503897 | 205038975 | 密集书库/ [索取号:G31/20] | 在馆 | |
| 45 | 0504167 | 205041676 | 密集书库/ [索取号:G31/20] | 在馆 | |
| 46 | 0654648 | 206546488 | 库房3/ [索取号:G31/20] | 在馆 | |
| 47 | 0764709 | 207647091 | 密集书库/ [索取号:G31/20] | 在馆 | |
| 48 | 0764718 | 207647180 | 第一样本阅览室/ [索取号:G31/20] | 在馆 | |
| 49 | 0764746 | 207647466 | 密集书库/ [索取号:G31/20] | 在馆 | |
| 50 | 0769081 | 207690818 | 密集书库/ [索取号:G31/20] | 在馆 | |
| 51 | 0775222 | 207752225 | 密集书库/ [索取号:G31/20] | 在馆 |